Statistiques concernant Villes avec deux équipes en Ligue des Champions

Cliquez ici pour prendre le quiz!

Statistiques générales

  • Ce quiz a été pris 984 fois
    (422 depuis la dernière actualisation)
  • Le résultat moyen est 39 sur 58

Statistiques - réponses

Ville% Correct
EspagneVilleMadrid
97%
AngleterreVilleLondres
94%
AngleterreVilleManchester
94%
EspagneClubReal
94%
ItalieClubAC Milan
92%
EspagneClubAtletico
92%
AngleterreClubManchester City
92%
AngleterreClubManchester United
92%
ItalieVilleMilan
92%
AngleterreClubArsenal
90%
PortugalVilleLisbonne
90%
PortugalVillePorto
90%
AngleterreClubChelsea
89%
ItalieClubInternazionale
89%
ItalieVilleRome
87%
AllemagneVilleBerlin
86%
ItalieClubAS Rome
85%
GrèceVilleAthènes
85%
AngleterreClubTottenham
84%
RussieVilleMoscou
83%
EspagneVilleSéville
83%
PortugalClubBenfica
82%
ItalieClubLazio
81%
PortugalClubSporting
79%
ÉcosseVilleGlasgow
78%
AutricheVilleVienne
78%
PortugalClubFC Porto
77%
TurquieVilleIstanbul
77%
ÉcosseClubCeltic
76%
EspagneClubFC Séville
74%
ÉcosseClubRangers
74%
EspagneClubReal Betis
73%
AllemagneClubUnion
72%
TurquieClubGalatasaray
69%
SerbieVilleBelgrade
68%
TchéquieVillePrague
63%
GrèceClubAEK
61%
SerbieClubEtoile Rouge
57%
SuisseVilleZürich
57%
RussieClubCSKA
56%
TchéquieClubSparta
56%
TurquieClubFenerbahce
53%
TurquieClubBesiktas
52%
AllemagneClubHertha
48%
IsraëlClubMaccabi
48%
AutricheClubRapid
47%
IsraëlVilleHaïfa
44%
RussieClubLokomotiv
42%
RussieClubSpartak
42%
TchéquieClubSlavia
40%
GrèceClubPanathinaïkos
38%
SuisseClubFC Zürich
36%
SerbieClubPartizan
34%
AutricheClubAustria
32%
TurquieClubBasaksehir
26%
SuisseClubGrasshopper
18%
PortugalClubBoavista
17%
IsraëlClubHapoël
12%

Distribution des résultats

Percentile par nombre de réponses

% des personnes avec chaque résultat

Votre développement - résultats

Vous n’avez pas pris ce quiz depuis la dernière actualisation